000 00448nam a2200193Ia 4500
005 20250423100752.0
008 250422s9999 xx 000 0 und d
020 _a0-32114248-9
050 _aPE1122.M37
100 _aKathleen T. Mc Whorter
245 0 _aReading Across the Disciplines
250 _a2nd ed.
260 _aUSA
260 _bKathleen T. Mc Whorter
260 _c2005
300 _a748 p
650 _aReading
942 _cBK
999 _c34283
_d34283